Fundamentals of momentum, heat and mass transfer (Record no. 67575)

MARC details
000 -LEADER
fixed length control field 00642 2200181 4500
005 - DATE AND TIME OF LATEST TRANSACTION
control field 20110107121259.0
008 - FIXED-LENGTH DATA ELEMENTS--GENERAL INFORMATION
fixed length control field 110107t xxu||||| |||| 00| 0 eng d
080 ## - UNIVERSAL DECIMAL CLASSIFICATION NUMBER
Universal Decimal Classification number 532
Item number WEL
100 ## - MAIN ENTRY--PERSONAL NAME
Personal name Welty, James R...[et.al]
245 ## - TITLE STATEMENT
Title Fundamentals of momentum, heat and mass transfer
Statement of responsibility, etc James R.Welty...[et.al]
300 ## - PHYSICAL DESCRIPTION
Extent xii,759p
653 ## - INDEX TERM--UNCONTROLLED
Uncontrolled term Fluid mechanics
-- Heat and mass transfer
942 ## - ADDED ENTRY ELEMENTS (KOHA)
item type Books
260 ## - PUBLICATION, DISTRIBUTION, ETC. (IMPRINT)
Place of publication, distribution, etc New Delhi
Name of publisher, distributor, etc Wiley India
Date of publication, distribution, etc 2009
250 ## - EDITION STATEMENT
Edition statement 4th ed.
020 ## - INTERNATIONAL STANDARD BOOK NUMBER
International Standard Book Number 9788126515264
260 ## - PUBLICATION, DISTRIBUTION, ETC. (IMPRINT)
-- 13241
Holdings
Lost status Source of classification or shelving scheme Not for loan Home library Current library Shelving location Date acquired Total Checkouts Full call number Barcode Date last seen Date checked out Price effective from Koha item type
  Universal Decimal Classification   University Library University Library General Stacks 16/08/2010 3 532 WEL 00064424 22/11/2011 29/10/2011 16/08/2010 Books
University Library, CUSAT